| 000 -LEADER |
| fixed length control field |
00803nam a2200241Ia 4500 |
| 001 - CONTROL NUMBER |
| control field |
1864 |
| 003 - CONTROL NUMBER IDENTIFIER |
| control field |
GE_BSU |
| 005 - DATE AND TIME OF LATEST TRANSACTION |
| control field |
20221007161405.0 |
| 008 - FIXED-LENGTH DATA ELEMENTS--GENERAL INFORMATION |
| fixed length control field |
181216s2007ru xx |||||||||||||| ||rus|| |
| 020 ## - INTERNATIONAL STANDARD BOOK NUMBER |
| International Standard Book Number |
5797506475 |
| 040 ## - CATALOGING SOURCE |
| Transcribing agency |
GE_BSU |
| 041 ## - LANGUAGE CODE |
| Language code of text/sound track or separate title |
rus |
| 080 ## - UNIVERSAL DECIMAL CLASSIFICATION NUMBER |
| Universal Decimal Classification number |
343.9(075.8) К-82 |
| 245 ## - TITLE STATEMENT |
| Title |
Криминология : |
| Remainder of title |
Для студ. высш.учеб.завед. / |
| Statement of responsibility, etc. |
Под ред. В.Н.Кудрявцева |
| 250 ## - EDITION STATEMENT |
| Edition statement |
Изд.3-е.перер и доп. |
| 264 ## - PRODUCTION, PUBLICATION, DISTRIBUTION, MANUFACTURE, AND COPYRIGHT NOTICE |
| Place of production, publication, distribution, manufacture |
Москва : |
| Name of producer, publisher, distributor, manufacturer |
Юристь, |
| Date of production, publication, distribution, manufacture, or copyright notice |
2007. |
| 300 ## - PHYSICAL DESCRIPTION |
| Extent |
734 с. : |
| Other physical details |
21 см. |
| 653 ## - INDEX TERM--UNCONTROLLED |
| keyword |
Криминология |
| 653 ## - INDEX TERM--UNCONTROLLED |
| keyword |
კრიმინალისტიკა |
| 653 ## - INDEX TERM--UNCONTROLLED |
| keyword |
სამართალი |
| 700 ## - ADDED ENTRY--PERSONAL NAME |
| Personal name |
Кудрявцева, В.Н |
| Relator term |
რედაქტორი |
| 9 (RLIN) |
15157 |
| 942 ## - ADDED ENTRY ELEMENTS (KOHA) |
| Koha item type |
წიგნი |
| Source of classification or shelving scheme |
|